| 000 | 00791nam a2200241 a 4500 | ||
|---|---|---|---|
| 001 | 67226 | ||
| 003 | BD-RjUL | ||
| 005 | 20211209081628.0 | ||
| 008 | 170323s1996 nyuaf b 001 0 eng | ||
| 020 | _a0471103543 (cloth : alk. paper) | ||
| 035 | _a(BD-RjUL)67357 | ||
| 040 |
_aDLC _cDLC _dBD-RjUL _beng |
||
| 041 | _aeng | ||
| 082 | 0 | 0 |
_a660.63 _223 _bPRO 1996 |
| 245 | 0 | 0 |
_aProtein engineering : _bprinciples and practice / _cedited by Jeffrey L. Cleland and Charles S. Craik. |
| 260 |
_aNew York : _bWiley-Liss, _cc1996. |
||
| 300 |
_ax, 518, [6] p. : _bill. ; _c26 cm. |
||
| 504 | _aIncludes bibliographical references and index. | ||
| 650 | 0 |
_aProtein engineering. _9199177 |
|
| 700 | 1 |
_aCleland, Jeffrey L., _d1964- _9199178 |
|
| 700 | 1 |
_aCraik, Charles S. _9199179 |
|
| 942 |
_2ddc _cBK |
||
| 999 |
_c67226 _d67226 |
||